01302nam a22003135a 450000500170000000800410001702000180005802000140007604000380009008200170012810000320014524500840017725000250026126000500028630000290033650000270036550000240039250000550041650400410047165000360051265000260054865000250057465100100059965300380060994200080064799900170065595201510067295201650082320201128023840.0161004t2016 enka frbd 001 0 eng d a9781292094304 a292094303 aEG-ScBUEbengcEG-ScBUEdEG-ScBUE04222a332bMIS1 aMishkin, Frederic S.91185514aThe economics of money, banking, and financial markets /cFrederic S. Mishkin. a11th ed., Global ed. aHarlow :bPearson Education Limited,cc.2016. a724 p. :bill. ;c28 cm. aGlossary : p. 689-700. aIndex : p. 701-724. aIncludes student access code inside : My Econ Lab. aIncludes bibliographical references. 72BUEsh95607aBanks and banking. 791509aFinance.2BUEsh 7910891aMoney.2BUEsh 2BUEsh bBUSECOcOctober2016cDecember2016 2ddc c22454d22426 00102ddc40708BaccahaMAINbMAINc1STd2016-10-04ePurchaseg350.00l6m79o332 MISp000033848q2026-04-01r2024-01-22 00:00:00s2024-01-22yBB 00102ddc40708BaccahaMAINbMAINc1STd2016-12-04ePurchaseg480.00h25140l4m8o332 MISp000040253q2023-09-17r2022-02-07 00:00:00s2022-02-07v600.00yBB